Bordering Countries that Border Turkey Quiz Stats

 Plays Quiz not verified by Sporcle

Support Sporcle.
Go Orange.
Score 0/22 Timer 04:00
0 Plays Today
Country % Correct
Iran
93.6%
Iraq
92.8%
Russia
92.6%
Greece
92.6%
Bulgaria
91.3%
Armenia
91.1%
Georgia
90.5%
Syria
90.5%
Azerbaijan
88.8%
Israel
87%
Romania
86.1%
Country % Correct
Lebanon
84%
Jordan
82.7%
Saudi Arabia
81.8%
Serbia
80.2%
Albania
80.1%
Afghanistan
78.6%
Macedonia
76.2%
Kuwait
75.5%
Pakistan
73.9%
Turkmenistan
70%
Turkey
42.8%

You're not logged in!

Compare scores with friends on all Sporcle quizzes.
OR
Log In

From the Vault

G8 (+5) Leaders

by Matt

The leaders of the most powerful countries in the world. They probably don't know your name, but perhaps you should probably know theirs.
Remove Ads.
Support Sporcle.
Get the best of Sporcle when you Go Orange. This ad-free experience offers more features, more stats, and more fun while also helping to support Sporcle. Thank you for becoming a member.

Show Comments

Extras

Created Feb 13, 2011ReportNominate
Tags:Border Quiz, Country Quiz, Turkey

Top Quizzes Today


Score Distribution

Your Account Isn't Verified!

In order to create a playlist on Sporcle, you need to verify the email address you used during registration. Go to your Sporcle Settings to finish the process.

Report this User

Report this user for behavior that violates our Community Guidelines.

Details: